000
00318nam a2200133Ia 4500
008
191201s2012 xx 000 0 und d
100
_a
UPADHYAY, AK
245
0
_a
Soil and Foundation Engineering
250
_a
Rep
260
_a
N. Delhi
_b
S.K.Kataria
_c
2012
300
_a
298
650
_a
B.Tech(CE)
942
_2
ddc
_c
BK
999
_c
5424
_d
5424